banner koha

Canonical Correlation Analysis Between Growth and Nutrition in Teak Seedlings (Registro n. 341138)

MARC details
000 -LÍDER
fixed length control field 03480nab a2200325 i 4500
003 - CÓDIGO MARC DA AGÊNCIA CATALOGADORA
Campo de controle BR-BrBNA
005 - DATA E HORA DA ÚLTIMA ATUALIZAÇÃO
Campo de controle 20260330144154.0
008 - CAMPO DE TAMANHO FIXO
fixed length control field 260330b2019 bl.qr|pooa||| 00| 0 eng |
040 ## - FONTE DA CATALOGAÇÃO
Agência catalogadora BR-BrBNA
Idioma da catalogação eng
072 ## - CATEGORIA AGRIS
Código AGRIS F61
Código do objeto 3285
072 ## - CATEGORIA AGRIS
Código AGRIS F62
072 ## - CATEGORIA AGRIS
Código AGRIS U10
100 ## - ENTRADA PRINCIPAL - NOME PESSOAL
Nome pessoal Vieira, Cristiane Ramos
100 ## - ENTRADA PRINCIPAL - NOME PESSOAL
Nome pessoal Weber, Oscarlina Lúcia dos Santos
100 ## - ENTRADA PRINCIPAL - NOME PESSOAL
Nome pessoal Hongyu, Kuang
100 ## - ENTRADA PRINCIPAL - NOME PESSOAL
Nome pessoal Scaramuzza, José Fernando
245 ## - TÍTULO PRINCIPAL
Título principal Canonical Correlation Analysis Between Growth and Nutrition in Teak Seedlings
500 ## - NOTA GERAL
Nota geral Publicação on-line; 32 ref.; 6 tables; 3 illus.; Summary (En, Pt)
942 ## - ADDED ENTRY ELEMENTS (KOHA)
Koha item type Analítica
520 ## - NOTA DE RESUMO
Nota de conteúdo <br/>ABSTRACT<br/><br/>The relationship between nutrients and plant growth requires in-depth studies and the application<br/>of statistical analysis capable of explaining these interactions. An experiment was prepared with N,<br/>P2O5 and K2O doses. Effects on the correlations between growth and nutrients in Tectona grandis<br/>seedlings were based on the canonical correlation analysis. Seedlings were submitted to doses of<br/>N = 0, 2.5, 5.0, 7.5 kg m–3 with urea, P2O5 = 0, 3.0, 6.0, 12.0 kg m–3 with common superphosphate,<br/>and K2O = 0, 3.0, 6.0, 12.0 kg m–3 with potassium chloride, in a completely randomized design.<br/>Canonical correlations showed that biomass was the most salient morphological characteristic<br/>in relation to the growth of T. grandis seedlings. Height and diameter were also underscored by<br/>interactions between macro- and micronutrients in the substrate, after fertilization. Results show<br/>that N, Mn and Cu were the most important nutrients for the increment of these characteristics.<br/><br/>Keywords: Tectona grandis, multivariate analysis, fertilization, seedling production.<br/><br/><br/><br/><br/><br/><br/>Análise de Correlação Canônica entre Crescimento e Nutrição em Mudas de Teca<br/><br/>RESUMO<br/><br/>Determinar a relação existente entre os nutrientes e o crescimento das plantas implica em estudos<br/>e a aplicação de análise estatística capaz de explicar essas interações. Diante disso, estabeleceu-se<br/>experimento com doses de N, P2O5 e K2O e seus efeitos nas correlações entre crescimento e os<br/>nutrientes em mudas de Tectona grandis, a partir da correlação canônica. As mudas foram submetidas<br/>às doses de N = 0, 2,5, 5,0 e 7,5 kg m–3 com ureia, P2O5 = 0, 3,0, 6,0 e 12,0 kg m–3 com superfosfato<br/>simples e K2O = 0, 3,0, 6,0 e 12,0 kg m–3 com cloreto de potássio, em delineamento inteiramente<br/>casualizado. As correlações canônicas demonstraram que a biomassa foi a característica morfológica<br/>que mais se destacou em relação ao crescimento das mudas de T. grandis. Essa característica,<br/>assim como altura e diâmetro, foi favorecida pelas interações entre os macro e micronutrientes,<br/>que ocorreram no substrato após a adubação. N, Mn e Cu foram os nutrientes mais importantes<br/>para o incremento dessas características.<br/><br/>Palavras-chave: Tectona grandis, análise multivariada, adubação, produção de mudas.
650 ## - ASSUNTO - THESAGRO
Cabeçalho tópico ou nome geográfico TECA
650 ## - ASSUNTO - THESAGRO
Cabeçalho tópico ou nome geográfico TECTONA GRANDIS
650 ## - ASSUNTO - THESAGRO
Cabeçalho tópico ou nome geográfico MÉTODO ESTATÍSTICO
650 ## - ASSUNTO - THESAGRO
Cabeçalho tópico ou nome geográfico ADUBAÇÃO
650 ## - ASSUNTO - THESAGRO
Cabeçalho tópico ou nome geográfico PRODUÇÃO
650 ## - ASSUNTO - THESAGRO
Cabeçalho tópico ou nome geográfico MUDA
773 0# - ENTRADA ANALÍTICA
Host Biblionumber 2929
Registro do item 347951
Imprenta Rio de Janeiro-RJ Instituto de Florestas - UFRRJ 1994
Outro identificador 2025-0450
Título Floresta e Ambiente (Brazil)
ISSN 1415-0980 / ISSN 2179-8087 0nline
Colação v. 26(2) p. 1-9; (2019)
Número de controle de registro BR2026000215
856 ## - ACESSO E ENDEREÇO ELETRÔNICO
Identificador uniforme de recurso - URI https://www.scielo.br/j/floram/a/whpDNfGgZ4p3ygzcz3Bcnkt/?format=pdf&lang=en

Nenhum exemplar disponível.

BINAGRI

Telefone: (61)3218-2567/2388/3357/2097 - binagri@agro.gov.br

Ministério da Agricultura e Pecuária , Esplanada dos Ministérios, Bloco D, Anexo B, Brasília/DF, CEP: 70.043-900